00730nam a22002177a 4500003000400000005001700004008004100021010001300062020002300075035002300098037001600121040001500137082001700152110005300169245010900222260003900331270003800370300002500408650005100433650002800484dpl20180802122027.0180802b xxu||||| |||| 00| 0 eng d aB-209674 c400.00a8178330474 aB-209674, B-168017 bCen Lib/Ret aDPLbENc0 a658.022bWHA aDelhi.National Institute of Industrial Research  aWhat no one ever tells you about starting your business :bfacilities and procedures for enterpreneurs / aDelhibAsia Pacific Business ress  bDelhia106-E, Kamla Nagare110007 aix,306p. c21cm(pbk) aSmall scale industry -- institutional network  aFinancial institutions